00652 2200229 4500001002100000005001500021035002000036007000300056008004100059020002200100082001000122084001600132100002500148245007200173250002600245300001600271700003200287264003600319336002100355337001900376338002700395INLIS00000000000013120241021013318 a0010-1024000022ta241021 c 0 ara  a978-602-5400-12-4 a492.7 a492.7 NAN p0 aNanik DwiePengarang1 aPendidikan Bahasa Arab SMP Kelas VII /cNanik Dwi, Nurul Cholidiyah aCetakan 3, Jilid 2019 a146 :bilus0 aNurul CholidiyahePengarang aYogyakarta :bGramasurya,c2019 2rdacontentateks 2rdamediaaBuku 2rdacarrieraSoft Cover